• 首页
  • 本馆介绍
  • 公告通知
  • 最新文献
  • 馆藏检索
  • 电子资源
  • 读者导购
  • 参考咨询
  • 我的图书馆
  • 登录
  • 详细信息显示
  • 放入我的书架
  • 预约/预借图书
  • 作者相关作品
  • 分类相关作品
  • 丛书相关作品
  • 出版社相关作品

书目信息

  • 表格格式
  • 工作单格式
  • 卡片格式
题名:
城乡关系视角下的农村土地制度变迁绩效
    
 
作者: 王大伟 著
分册:  
出版信息: 北京   商务印书馆  2012.10
页数: 264页
开本: 21cm
丛书名:
单 册:
中图分类: F321.1
科图分类:
主题词: 农村--土地制度--研究--中国
电子资源:
ISBN: 978-7-100-09367-5
000 01137nam0 2200241 45
001 1355391811
005 20130513104624.23
010    @a978-7-100-09367-5@dCNY36.00
100    @a20130108d2012 em y0chiy0121 ea
101 0  @achi
102    @aCN@b110000
105    @aak a 000yy
106    @ar
200 1  @a城乡关系视角下的农村土地制度变迁绩效@ACheng Xiang Guan Xi Shi Jiao Xia De Nong Cun Tu Di Zhi Du Bian Qian Ji Xiao@f王大伟著@FWang Da Wei Zhu
210    @a北京@c商务印书馆@d2012.10
215    @a264页@c图@d21cm
320    @a有书目 (第254-264页)
330    @a本书对新中国成立以来的农村土地制度变迁及其对城乡关系的影响进行了系统研究。通过对农地收益分配额的定量描述解析了土地制度的权利机构, 并将量化的土地制度要素引入数量模型, 分析了农村土地制度要素对城乡关系的影响; 在此基础上, 对新中国成立以来农村土地制度变迁的绩效进行了全面评价, 总结了近期全国有关农村土地制度创新的模式和经验, 并提出了未来促进城乡关系走向融合背景下的农村土地制度变迁以及改革方向。
606 0  @a农村@x土地制度@x研究@y中国
690    @aF321.1@v5
701  0 @a王大伟@AWang Da Wei@4著
801    @aCN@bTANGWEI@c20130111
905    @b0830899-901@dF321.1@e139@f3
    
    城乡关系视角下的农村土地制度变迁绩效/王大伟著.-北京:商务印书馆,2012.10
    264页:图;21cm
    
    
    ISBN 978-7-100-09367-5:CNY36.00
    本书对新中国成立以来的农村土地制度变迁及其对城乡关系的影响进行了系统研究。通过对农地收益分配额的定量描述解析了土地制度的权利机构, 并将量化的土地制度要素引入数量模型, 分析了农村土地制度要素对城乡关系的影响; 在此基础上, 对新中国成立以来农村土地制度变迁的绩效进行了全面评价, 总结了近期全国有关农村土地制度创新的模式和经验, 并提出了未来促进城乡关系走向融合背景下的农村土地制度变迁以及改革方向。
●
相关链接 在E读中查询图书 在五车中查询图书 在当当中查询图书 在豆瓣中查询图书


正题名:城乡关系视角下的农村土地制度变迁绩效     索取号:F321.1/139         预约/预借

序号 登录号 条形码 馆藏地/架位号 状态 备注
1 0830899   208308990   第一样本阅览室/ [索取号:F321.1/139] 在馆    
2 0830900   208309007   第一借阅区/ [索取号:F321.1/139] 在馆    
3 0830901   208309016   第一借阅区/ [索取号:F321.1/139] 在馆    
唐山师范学院图书馆 欢迎您!
大连网信软件有限公司© 版权所有